Journal of experimental zoology India (Record no. 29605)
[ view plain ]
| 000 -LEADER | |
|---|---|
| fixed length control field | 00354nam a22001217a 4500 |
| 008 - FIXED-LENGTH DATA ELEMENTS--GENERAL INFORMATION | |
| fixed length control field | 230512b |||||||| |||| 00| 0 eng d |
| 022 ## - INTERNATIONAL STANDARD SERIAL NUMBER | |
| International Standard Serial Number | 0972-0030 |
| 040 ## - CATALOGING SOURCE | |
| Original cataloging agency | National Science Library |
| Transcribing agency | National Science Library |
| 245 ## - TITLE STATEMENT | |
| Title | Journal of experimental zoology India |
| 260 ## - PUBLICATION, DISTRIBUTION, ETC. | |
| Place of publication, distribution, etc. | Muzaffarnagar: |
| Name of publisher, distributor, etc. | P.R. Yadav, |
| Date of publication, distribution, etc. | 1998 |
| 310 ## - CURRENT PUBLICATION FREQUENCY | |
| Current publication frequency | Half-yearly |
| 942 ## - ADDED ENTRY ELEMENTS (KOHA) | |
| Koha item type | Continuing Resources |
| Withdrawn status | Lost status | Materials specified (bound volume or other part) | Damaged status | Not for loan | Home library | Current library | Shelving location | Date acquired | Total Checkouts | Barcode | Date last seen | Price effective from | Koha item type |
|---|---|---|---|---|---|---|---|---|---|---|---|---|---|
| Vol. 1-2 (1-2), 1998-99 | National Science Library | National Science Library | FF/Rk-14/C-20/R-5 | 19/09/2013 | 244001 | 12/05/2023 | 19/09/2013 | Continuing Resources | |||||
| Vol. 3 (1-2), 2000 | National Science Library | National Science Library | FF/Rk-14/C-20/R-5 | 05/05/2004 | 163253 | 12/05/2023 | 05/05/2004 | Continuing Resources | |||||
| Vol. 4 (1-2), 2001 | National Science Library | National Science Library | FF/Rk-14/C-20/R-5 | 05/05/2004 | 163254 | 12/05/2023 | 05/05/2004 | Continuing Resources | |||||
| Vol. 5 (1-2), 2002 | National Science Library | National Science Library | FF/Rk-14/C-20/R-5 | 28/06/2004 | 220884 | 12/05/2023 | 28/06/2004 | Continuing Resources | |||||
| Vol. 6-7 (1-2), 2003-04 | National Science Library | National Science Library | FF/Rk-14/C-20/R-5 | 19/09/2013 | 244002 | 12/05/2023 | 19/09/2013 | Continuing Resources | |||||
| Vol. 8-9 (1-2), 2005-06 | National Science Library | National Science Library | FF/Rk-14/C-20/R-5 | 21/10/2016 | 254255 | 12/05/2023 | 21/10/2016 | Continuing Resources | |||||
| Vol. 10 (1-2), 2007 | National Science Library | National Science Library | FF/Rk-14/C-20/R-5 | 21/10/2016 | 254256 | 12/05/2023 | 21/10/2016 | Continuing Resources | |||||
| Vol. 11 (1-2), 2008 | National Science Library | National Science Library | FF/Rk-14/C-20/R-5 | 21/10/2016 | 254257 | 12/05/2023 | 21/10/2016 | Continuing Resources | |||||
| Vol. 12 (1-2), 2009 | National Science Library | National Science Library | FF/Rk-14/C-20/R-5 | 21/10/2016 | 254258 | 12/05/2023 | 21/10/2016 | Continuing Resources | |||||
| Vol. 13 (1-2), 2010 | National Science Library | National Science Library | FF/Rk-14/C-20/R-5 | 21/10/2016 | 254259 | 12/05/2023 | 21/10/2016 | Continuing Resources | |||||
| Vol. 14 (1-2), 2011 | National Science Library | National Science Library | FF/Rk-14/C-20/R-5 | 21/10/2016 | 254260 | 12/05/2023 | 21/10/2016 | Continuing Resources | |||||
| Vol. 15 (1-2), 2012 | National Science Library | National Science Library | FF/Rk-14/C-20/R-5 | 21/10/2016 | 254261 | 12/05/2023 | 21/10/2016 | Continuing Resources | |||||
| Vol. 16 (1-2), 2013 | National Science Library | National Science Library | FF/Rk-14/C-20/R-5 | 21/10/2016 | 254262 | 12/05/2023 | 21/10/2016 | Continuing Resources | |||||
| Vol. 17 (1-2), 2014 | National Science Library | National Science Library | FF/Rk-14/C-20/R-5 | 21/10/2016 | 254263 | 12/05/2023 | 21/10/2016 | Continuing Resources |